Whistleblowing jako nástroj soutěžní compliance

Širšie súvislosti špecifického nástroja korporátnej compliance. Opis jeho špecifických úloh a cieľov v rámci špeciálne zameranej súťažnej compliance.

Enregistré dans:
Détails bibliographiques
Auteur principal: Koukal, Pavel
Format: Chapitre de livre
Langue:tchèque
Sujets:
Tags: Ajouter un tag
Pas de tags, Soyez le premier à ajouter un tag!

MARC

LEADER 00000naa a2200000 4500
001 0260979
005 20200113124736.9
041 0 |a cze 
044 |a CZ 
245 1 0 |a Whistleblowing jako nástroj soutěžní compliance  |c Pavel Koukal 
520 |a Širšie súvislosti špecifického nástroja korporátnej compliance. Opis jeho špecifických úloh a cieľov v rámci špeciálne zameranej súťažnej compliance. 
610 2 0 |a súťaž hospodárska 
610 2 0 |a smernice 
610 2 0 |a nástroje komunikačné 
610 2 0 |a spoločnosti obchodné 
610 2 0 |a právo súťažné 
100 1 |a Koukal, Pavel